000 00487nam a2200193Ia 4500
003 GCL
008 140319s9999 xx 000 0 ara d
040 _aGCL /
_cGCL
082 0 4 _a809
_bم غ
100 1 _aمان, توماس
245 1 0 _aغوته وتولستوى /
_cمان, توماس
700 1 _aتيسير غراوى
300 _a219 ص
490 _a
650 0 4 _aالادب المقارن
650 0 4 _aجوتة
650 0 4 _aتولستوى, ليو
942 _2ddc
_cBK
999 _c41870
_d41870